Marketing Research: An Applied Orientation, Global Edition/

For undergraduate and graduate courses in marketing research. <br> <br> With a do-it-yourself, hands-on approach, <strong><em>Marketing Research: An Applied Orientation</em></strong> illustrates the interaction between marketing research decisions and marketing management decisions. This text uses a...

Full description

Saved in:
Bibliographic Details
Main Author: Malhotra, Naresh K. (Author)
Format: Electronic Book
Published: Harlow : Pearson International Content, 2019.
Edition:Seventh edition
Subjects:
Online Access:https://resolver.vitalsource.com/9781292265919
Tags: Add Tag
No Tags, Be the first to tag this record!

MARC

LEADER 00000nam#a2200000 4500
001 9781292265919
003 VST
005 20260317120215.0
006 m o d
007 cr#un#---uucau
008 190213s2019 xxk o 00 0 eng d
020 |a  9781292265919   |q  (ebook)  
020 |z  9781292265636   |q  (paperback)  
020 |z  9780134735061   |q  (ebook)  
020 |z  9780134735078   |q  (ebook)  
020 |z  9780134735603   |q  (ebook)  
020 |z  9780134734842   |q  (book)  
020 |z  9780134736884   |q  (ebook)  
040 |a VST  |b eng  |c VST  |d VST 
072 |a BUS043000  |2 bisacsh 
072 |a NON000000  |2 bisacsh 
072 |a KJS  |2 bicssc 
072 |a KJSM  |2 bicssc 
100 1 |a Malhotra, Naresh K.  |e author 
245 1 0 |a Marketing Research: An Applied Orientation, Global Edition/  |c  Naresh K. Malhotra. 
250 |a Seventh edition 
264 1 |a Harlow :  |b Pearson International Content,  |c 2019. 
300 |a 1 online resource 
336 |a text  |b txt  |2 rdacontent 
337 |a computer  |b c  |2 rdamedia 
338 |a online resource  |b cr  |2 rdacarrier 
520 |a For undergraduate and graduate courses in marketing research. <br> <br> With a do-it-yourself, hands-on approach, <strong><em>Marketing Research: An Applied Orientation</em></strong> illustrates the interaction between marketing research decisions and marketing management decisions. This text uses a practical six-step framework for conducting marketing research, utilising a variety of marketing companies to highlight qualitative and quantitative research strategies. The 7th Edition provides current, contemporary, and illustrative material sensitive to user needs. And with detailed emphasis on how to run the SPSS and SAS programs, marketing research students obtain the most extensive help available on this industry. <p><strong>The full text downloaded to your computer</strong></p> <p>With eBooks you can:</p> <ul> <li>search for key concepts, words and phrases </li> <li>make highlights and notes as you study </li> <li>share your notes with friends </li> </ul> <p><strong>eBooks </strong>are downloaded to your computer and accessible either offline through the Bookshelf (available as a free download), available online and also via the iPad and Android apps. </p> <p>Upon purchase, you'll gain instant access to this eBook.</p> <p><strong><u>Time limit</u></strong></p> <p>The&nbsp;<strong>eBooks</strong> products do not have an expiry date. You will continue to access your&nbsp;digital&nbsp;ebook&nbsp;products whilst you have your&nbsp;Bookshelf installed.</p> 
650 4 |a Non-Classifiable 
650 4 |a Business & Economics/Marketing/General 
776 0 8 |i Paperback version:  |t Marketing Research: An Applied Orientation, Global Edition  |z 9781292265636 
776 0 8 |i Book version:  |t Marketing Research: An Applied Orientation, Global Edition  |z 9780134734842 
856 4 0 |u https://resolver.vitalsource.com/9781292265919 
999 |c 249513  |d 249512